[Event "11e Open International de La Fere"]
[Site "La Fere (FRA)"]
[Date "2012.07.09"]
[Round "3.15"]
[White "Brugge, Bruno"]
[Black "Mestdagh, Franck"]
[Result "0-1"]
[WhiteElo "1735"]
[BlackElo "1975"]
[PlyCount "80"]
[EventDate "2012.??.??"]

1. c4 e5 2. g3 Nc6 3. Bg2 f5 4. e3 Nf6 5. Nc3 Be7 6. Nge2 d6 7. O-O O-O 8. f4
Kh8 9. a3 Qe8 10. Nd5 Nxd5 11. Bxd5 Nd8 12. Bg2 Rb8 13. d3 Bf6 14. Rb1 Bd7 15.
b4 Bc6 16. b5 Bxg2 17. Kxg2 Ne6 18. Bb2 exf4 19. exf4 Nc5 20. Re1 Qd7 21. Bxf6
Rxf6 22. Nd4 Re8 23. Qc2 Rff8 24. Rbd1 Re7 25. Nf3 Rfe8 26. Rxe7 Rxe7 27. Re1
Rxe1 28. Nxe1 Qe6 29. Nf3 Qe3 30. d4 Ne4 31. a4 b6 32. d5 Kg8 33. Qb2 Kf7 34.
Nd4 Nc5 35. Kh3 Qe4 36. Qd2 Nd3 37. Qc3 Nf2+ 38. Kh4 Qe7+ 39. Kh5 Qf6 40. Ne2
Qh6# 0-1

[Event "11e Open International de La Fere"]
[Site "La Fere (FRA)"]
[Date "2012.07.09"]
[Round "3.16"]
[White "Nicolas, Christian"]
[Black "Koechler, Thomas"]
[Result "0-1"]
[WhiteElo "1716"]
[BlackElo "1960"]
[PlyCount "118"]
[EventDate "2012.??.??"]

1. e4 e5 2. Nc3 Nc6 3. f4 d6 4. Nf3 Nge7 5. Bc4 h6 6. h3 exf4 7. d4 Ng6 8. Nd5
Be6 9. O-O Qd7 10. Kh2 Na5 11. Bb3 Nxb3 12. axb3 Bxd5 13. exd5 Be7 14. Ne1 Qf5
15. c4 Bh4 16. Qd3 Qxd3 17. Nxd3 Bg3+ 18. Kh1 O-O 19. Nxf4 Bxf4 20. Bxf4 Nxf4
21. Rxf4 Rfe8 22. b4 Re2 23. b3 Re3 24. Rf3 Rxf3 25. gxf3 a6 26. b5 a5 27. Re1
Kf8 28. Kg2 a4 29. bxa4 Rxa4 30. Rc1 Ra2+ 31. Kg3 Rd2 32. c5 Ke7 33. b6 cxb6
34. cxb6 Rxd4 35. Rc7+ Kf6 36. Rxb7 Rxd5 37. Rb8 Rb5 38. b7 Rb4 39. Rd8 Rxb7
40. Rxd6+ Ke5 41. Rd8 f5 42. Re8+ Kf6 43. Rf8+ Rf7 44. Re8 g5 45. f4 Re7 46.
Rf8+ Kg6 47. fxg5 hxg5 48. Kf3 Rh7 49. Rg8+ Kf6 50. Rf8+ Ke6 51. Kg3 Rh4 52.
Rg8 f4+ 53. Kg2 Kf6 54. Re8 Rh7 55. Ra8 Re7 56. Ra3 Re2+ 57. Kf3 Rh2 58. Kg4
Rg2+ 59. Kh5 Rg3 0-1

[Event "11e Open International de La Fere"]
[Site "La Fere (FRA)"]
[Date "2012.07.09"]
[Round "3.17"]
[White "Jimenez, Martin"]
[Black "Durot, Edwige"]
[Result "1-0"]
[WhiteElo "1953"]
[BlackElo "1713"]
[PlyCount "125"]
[EventDate "2012.??.??"]

1. d4 Nf6 2. c4 e6 3. a3 c5 4. dxc5 Bxc5 5. b4 Be7 6. Nf3 b6 7. Bb2 Bb7 8. e3
d5 9. Nbd2 O-O 10. Qc2 Nbd7 11. cxd5 Bxd5 12. Ba6 Rb8 13. O-O Bb7 14. Bxb7 Rxb7
15. Rac1 Bd6 16. Qd3 Bb8 17. Rfd1 Rc7 18. Nc4 Qe7 19. Qd4 Rfc8 20. g3 b5 21.
Na5 Rxc1 22. Bxc1 Qd8 23. Bb2 Qb6 24. Qxb6 Nxb6 25. Bxf6 gxf6 26. Nd4 a6 27.
Ndc6 Kf8 28. Nxb8 Rxb8 29. Rd6 Ke8 30. Kg2 Ke7 31. Rc6 Kd7 32. Kf3 Kd8 33. Kg4
Ke8 34. Kh5 Kf8 35. Kh6 Kg8 36. Rd6 Kh8 37. Nc6 Nc4 38. Rd4 Rg8 39. Ne7 Re8 40.
a4 Ne5 41. axb5 axb5 42. h3 Ng6 43. Nxg6+ hxg6 44. Rd7 Kg8 45. Rb7 Kf8 46. h4
Rd8 47. Rxb5 Rc8 48. Rc5 Rb8 49. b5 e5 50. f4 exf4 51. gxf4 Rb7 52. f5 gxf5 53.
Rxf5 Rb6 54. Kh5 Ke7 55. Kg4 Kf8 56. Kf4 Re6 57. Rc5 Rb6 58. Ke4 Kg7 59. Kd4
Kh6 60. Kc4 Re6 61. Rd5 Rxe3 62. Rd3 Re1 63. b6 1-0

[Event "11e Open International de La Fere"]
[Site "La Fere (FRA)"]
[Date "2012.07.09"]
[Round "3.18"]
[White "Le Kouaghet, Euen"]
[Black "Van Poucke, Philippe"]
[Result "1-0"]
[WhiteElo "1920"]
[BlackElo "1700"]
[PlyCount "109"]
[EventDate "2012.??.??"]

1. c4 e5 2. Nc3 b6 3. e4 Bb7 4. d3 Nc6 5. f4 d6 6. Nf3 Nd4 7. Be2 Ne7 8. Nxd4
exd4 9. Nd5 c5 10. Nxe7 Bxe7 11. O-O Bf6 12. Bf3 O-O 13. g4 g6 14. g5 Bg7 15.
f5 f6 16. h4 fxg5 17. hxg5 Be5 18. f6 Rf7 19. Bg4 Bc8 20. Bf4 Bxg4 21. Qxg4 Qc8
22. Qh4 a5 23. a4 Raa7 24. Rac1 Qd7 25. b3 Qe6 26. Rc2 Bxf4 27. Rxf4 Rad7 28.
Rh2 Rb7 29. Qh6 Qe5 30. Rf3 Rbc7 31. Rfh3 Qf4 32. Qxg6+ Kf8 33. Qf5 Qc1+ 34.
Kf2 Qd2+ 35. Kg3 Qxd3+ 36. Qf3 Qxf3+ 37. Kxf3 Rce7 38. Re2 Kg8 39. Kg4 Re5 40.
Re1 Kf8 41. Rf3 Rd7 42. Rf5 d3 43. Rxe5 dxe5 44. Kf5 Kf7 45. Kxe5 d2 46. Rd1
Rd4 47. Kf5 Rd3 48. e5 Rd4 49. e6+ Kf8 50. g6 hxg6+ 51. Kxg6 Rg4+ 52. Kf5 Rd4
53. Rh1 Kg8 54. f7+ Kg7 55. Rg1+ 1-0

[Event "11e Open International de La Fere"]
[Site "La Fere (FRA)"]
[Date "2012.07.09"]
[Round "3.19"]
[White "Dagnicourt, Francis"]
[Black "Urbaniak, Patrick"]
[Result "0-1"]
[WhiteElo "1668"]
[BlackElo "1918"]
[PlyCount "54"]
[EventDate "2012.??.??"]

1. d4 Nf6 2. Nf3 g6 3. c4 Bg7 4. Nc3 O-O 5. e3 d6 6. Be2 Na6 7. O-O c5 8. d5
Nc7 9. Qc2 a6 10. a4 Bd7 11. a5 Rb8 12. Na4 Bxa4 13. Qxa4 e6 14. dxe6 fxe6 15.
Qc2 Qe7 16. e4 e5 17. Bd2 Ne6 18. g3 Nd4 19. Nxd4 exd4 20. Bd3 Rbe8 21. f4 Qd7
22. f5 Ng4 23. Kg2 gxf5 24. Rxf5 Rxf5 25. exf5 Qc6+ 26. Kh3 Nf2+ 27. Kh4 Qf3
0-1

[Event "11e Open International de La Fere"]
[Site "La Fere (FRA)"]
[Date "2012.07.09"]
[Round "3.20"]
[White "Lebret, Loriane"]
[Black "Molet, Asher"]
[Result "1-0"]
[WhiteElo "1655"]
[BlackElo "1844"]
[PlyCount "51"]
[EventDate "2012.??.??"]

1. e4 c5 2. c3 d5 3. exd5 Qxd5 4. d4 cxd4 5. cxd4 Nc6 6. Nf3 e5 7. Nc3 Bb4 8.
Bd2 Bxc3 9. Bxc3 e4 10. Nd2 Nf6 11. Bc4 Qg5 12. g3 O-O 13. O-O Bf5 14. Re1 Rae8
15. d5 Ne5 16. Bb4 Nxc4 17. Nxc4 Bg4 18. Qd4 Bf3 19. Nd2 Qh5 20. h4 Re5 21.
Bxf8 Rxd5 22. Qb4 Qg4 23. Nxf3 exf3 24. Qxg4 Nxg4 25. Bc5 h5 26. Bxa7 1-0

[Event "11e Open International de La Fere"]
[Site "La Fere (FRA)"]
[Date "2012.07.09"]
[Round "3.21"]
[White "Nal, Patrick"]
[Black "Picart, Alban"]
[Result "0-1"]
[WhiteElo "1647"]
[BlackElo "1820"]
[PlyCount "62"]
[EventDate "2012.??.??"]

1. d4 e6 2. c4 c6 3. Nc3 d5 4. cxd5 cxd5 5. Nf3 Nc6 6. Bg5 Qb6 7. Qd2 Bd7 8. e3
Rc8 9. Be2 Nge7 10. O-O Ng6 11. Rfc1 h6 12. Bh4 Nxh4 13. Nxh4 Qd8 14. Nf3 Bd6
15. a3 Na5 16. Bd1 a6 17. Qe2 b5 18. e4 dxe4 19. Nxe4 Bf4 20. Rxc8 Bxc8 21. g3
Bb8 22. Rc1 O-O 23. g4 Bb7 24. h4 g6 25. Qe3 Kg7 26. Be2 f5 27. Nc5 Bd5 28.
gxf5 exf5 29. Nxa6 Re8 30. Ne5 Qxh4 31. Nxb8 Qh1# 0-1

[Event "11e Open International de La Fere"]
[Site "La Fere (FRA)"]
[Date "2012.07.09"]
[Round "3.22"]
[White "Cazacu, Gabriela"]
[Black "Bracq, Christian"]
[Result "1-0"]
[WhiteElo "1814"]
[BlackElo "1640"]
[PlyCount "69"]
[EventDate "2012.??.??"]

1. d4 d5 2. c4 c6 3. Nf3 Nf6 4. Nc3 a6 5. Bf4 dxc4 6. a4 Bf5 7. e3 e6 8. Bxc4
Nbd7 9. a5 Bb4 10. Qa4 Nd5 11. Bxd5 Bxc3+ 12. bxc3 exd5 13. Qb4 b6 14. axb6
Nxb6 15. Ne5 Bd7 16. O-O Nc8 17. Rfb1 Bf5 18. Rb2 Ne7 19. Qb7 Qc8 20. Qb4 f6
21. Nf3 Kf7 22. Nd2 Bd3 23. c4 Re8 24. Rc1 Qd7 25. Qb3 g5 26. Qxd3 gxf4 27.
Qxh7+ Ke6 28. Qh3+ f5 29. Qh6+ Kf7 30. Qxf4 Ng6 31. Qf3 Rg8 32. Rcb1 Kf6 33.
Rb7 Qe6 34. cxd5 Qd6 35. Ne4# 1-0

[Event "11e Open International de La Fere"]
[Site "La Fere (FRA)"]
[Date "2012.07.09"]
[Round "3.23"]
[White "Van Poucke, Anthony"]
[Black "Obert, Julien"]
[Result "1/2-1/2"]
[WhiteElo "1611"]
[BlackElo "1810"]
[PlyCount "64"]
[EventDate "2012.??.??"]

1. e4 e6 2. d4 d5 3. Nc3 Nf6 4. e5 Nfd7 5. f4 c5 6. Nf3 Nc6 7. Be3 cxd4 8. Bxd4
Nxd4 9. Nxd4 a6 10. Qh5 g6 11. Qf3 Bc5 12. O-O-O Qc7 13. g4 b5 14. Bg2 Bb7 15.
Rhe1 Rc8 16. a3 Bxa3 17. bxa3 Qxc3 18. Qxc3 Rxc3 19. Kb2 Rc8 20. f5 Nc5 21.
fxe6 fxe6 22. Rf1 Rf8 23. Rf6 Rxf6 24. exf6 Kf7 25. g5 Na4+ 26. Kc1 Rc3 27. Re1
Bc8 28. Bxd5 Nc5 29. Kb2 Na4+ 30. Kc1 Nc5 31. Kb2 Na4+ 32. Kc1 Nc5 1/2-1/2

[Event "11e Open International de La Fere"]
[Site "La Fere (FRA)"]
[Date "2012.07.09"]
[Round "3.24"]
[White "Poulain, Andre"]
[Black "Lalot, Hugues"]
[Result "1-0"]
[WhiteElo "1806"]
[BlackElo "1612"]
[PlyCount "103"]
[EventDate "2012.??.??"]

1. e4 c5 2. Nc3 Nc6 3. f4 g6 4. Nf3 Bg7 5. Bb5 Nd4 6. Bd3 e6 7. O-O Ne7 8. Ne2
Nxf3+ 9. Rxf3 d5 10. Bb5+ Bd7 11. Bxd7+ Qxd7 12. e5 b5 13. d4 Qc6 14. c3 c4 15.
Ng3 a5 16. Bd2 Rb8 17. a3 h5 18. Nf1 Nf5 19. Qe1 Qd7 20. Ne3 Nxe3 21. Bxe3 Bh6
22. Rb1 a4 23. Bf2 Qe7 24. Bh4 g5 25. fxg5 Bxg5 26. Bxg5 Qxg5 27. Qf2 Rb7 28.
Rf1 Rh7 29. Rg3 Qe7 30. Qc2 Rh8 31. Rf6 Qf8 32. Qe2 Rh6 33. Qf3 Re7 34. Qf4 Rh7
35. Qg5 Kd7 36. Rh3 Qh8 37. Rf4 Re8 38. Qf6 Qxf6 39. Rxf6 Ke7 40. Kf2 Rg8 41.
Rf4 Rg5 42. Rg3 Rhg7 43. Rxg5 Rxg5 44. Kf3 Kf8 45. h4 Rg6 46. g4 hxg4+ 47. Rxg4
Kg7 48. Rxg6+ fxg6 49. Kf4 Kh6 50. Kg4 Kg7 51. Kg5 Kg8 52. Kxg6 1-0

[Event "11e Open International de La Fere"]
[Site "La Fere (FRA)"]
[Date "2012.07.09"]
[Round "3.25"]
[White "Brobecker, Alain"]
[Black "Paris, Pierre-Julien"]
[Result "1-0"]
[WhiteElo "1793"]
[BlackElo "1592"]
[PlyCount "105"]
[EventDate "2012.??.??"]

1. c4 c5 2. g3 Nc6 3. Bg2 Nf6 4. Nc3 e6 5. d3 a6 6. Nf3 d6 7. O-O Rb8 8. Bf4
Be7 9. Rb1 O-O 10. a3 b5 11. Nd2 Bd7 12. Nde4 Be8 13. Nxf6+ Bxf6 14. Ne4 Be5
15. Bxe5 Nxe5 16. b3 f5 17. Nd2 g5 18. f4 Ng4 19. Rf3 gxf4 20. gxf4 Qh4 21. Bh3
Bc6 22. Rg3 Kh8 23. Bxg4 fxg4 24. e3 Rf6 25. Qxg4 Qxg4 26. Rxg4 Rg8 27. Rxg8+
Kxg8 28. Kf2 e5 29. Rg1+ Kf7 30. Rg4 h5 31. Rh4 Rg6 32. Ne4 Bxe4 33. dxe4 bxc4
34. bxc4 Rh6 35. Rh3 Rh8 36. Kg3 Kg6 37. Kh4 Kh6 38. f5 Rb8 39. Rg3 Rb2 40.
Rg6+ Kh7 41. h3 Rb3 42. Rxd6 Rxa3 43. Kxh5 Rxe3 44. Rd7+ Kg8 45. Kg6 Rg3+ 46.
Kf6 Rxh3 47. Kxe5 Rh4 48. Ra7 Rh6 49. f6 Rh5+ 50. Ke6 Rh6 51. e5 Rh1 52. Rxa6
Rh2 53. Ra8+ 1-0

[Event "11e Open International de La Fere"]
[Site "La Fere (FRA)"]
[Date "2012.07.09"]
[Round "3.26"]
[White "Gomes, Alexis"]
[Black "Vekemans, Paul"]
[Result "1/2-1/2"]
[WhiteElo "1607"]
[BlackElo "1781"]
[PlyCount "86"]
[EventDate "2012.??.??"]

1. d4 Nf6 2. Nf3 e6 3. c4 b6 4. Nc3 Bb7 5. Bg5 Be7 6. e3 h6 7. Bh4 d6 8. Bd3
Nbd7 9. O-O O-O 10. e4 e5 11. d5 Re8 12. Qe2 Nf8 13. Bg3 Nh5 14. Ne1 Nxg3 15.
fxg3 Nh7 16. Nc2 Bg5 17. Rf2 Bc8 18. Raf1 Rf8 19. h4 Be7 20. Ne3 Nf6 21. Nf5
Kh7 22. Nd1 Bxf5 23. Rxf5 g6 24. R5f3 Kg7 25. Qf2 Ng4 26. Rxf7+ Kg8 27. Rxf8+
Qxf8 28. Qxf8+ Rxf8 29. Rxf8+ Kxf8 30. Be2 Nf6 31. Nc3 Ke8 32. Kf2 Kd7 33. Ke3
h5 34. Nb5 a6 35. Na7 Bf8 36. Nc6 Bh6+ 37. Kd3 Bc1 38. b3 Ba3 39. Nb8+ Kc8 40.
Nxa6 Kb7 41. Nxc7 Kxc7 42. Ke3 Bc5+ 43. Kf3 Ng4 1/2-1/2

[Event "11e Open International de La Fere"]
[Site "La Fere (FRA)"]
[Date "2012.07.09"]
[Round "3.27"]
[White "Waquet, Frederic"]
[Black "Sergent, Gaspard"]
[Result "1-0"]
[WhiteElo "1966"]
[BlackElo "1530"]
[PlyCount "45"]
[EventDate "2012.??.??"]

1. e4 e5 2. Nc3 Nf6 3. f4 d5 4. fxe5 Nxe4 5. d3 Nxc3 6. bxc3 Nc6 7. Nf3 d4 8.
cxd4 Nxd4 9. c3 Nxf3+ 10. Qxf3 c5 11. d4 a6 12. Bc4 f5 13. O-O Rb8 14. Bf4 b5
15. Bd5 Rb6 16. e6 Bxe6 17. Rae1 Kf7 18. Rxe6 Rxe6 19. Re1 Ke8 20. Rxe6+ Kd7
21. Bb3 Qa5 22. Qc6+ Kd8 23. Re8# 1-0

[Event "11e Open International de La Fere"]
[Site "La Fere (FRA)"]
[Date "2012.07.09"]
[Round "3.28"]
[White "Soriano, Jean-Claude"]
[Black "Husson, Cybele"]
[Result "1/2-1/2"]
[WhiteElo "1730"]
[BlackElo "1937"]
[PlyCount "44"]
[EventDate "2012.??.??"]

1. d4 f5 2. Bf4 d6 3. Nd2 Nf6 4. Ngf3 g6 5. c3 Bg7 6. Qc2 c6 7. e4 fxe4 8. Nxe4
b5 9. Bd3 Nd5 10. Bg3 O-O 11. O-O Bg4 12. Ned2 Nd7 13. h3 Bf5 14. Rfe1 Bh6 15.
Ne4 Bxh3 16. Neg5 Bf5 17. Ne6 Bxe6 18. Rxe6 Rf6 19. Rae1 Nf8 20. R6e4 Qd7 21.
c4 bxc4 22. Bxc4 e6 1/2-1/2

[Event "11e Open International de La Fere"]
[Site "La Fere (FRA)"]
[Date "2012.07.09"]
[Round "3.29"]
[White "Vandervorst, Marc"]
[Black "Fornes, Paul"]
[Result "1-0"]
[WhiteElo "1833"]
[BlackElo "1353"]
[PlyCount "64"]
[EventDate "2012.??.??"]

1. e4 Nf6 2. e5 Nd5 3. d4 d6 4. Nf3 dxe5 5. Nxe5 c6 6. c4 Nf6 7. Be2 Bf5 8. Nc3
Nbd7 9. O-O e6 10. Be3 Bd6 11. f4 O-O 12. g4 Bg6 13. f5 exf5 14. gxf5 Bxf5 15.
Rxf5 Qc7 16. Qf1 Nxe5 17. dxe5 Bxe5 18. Bf4 Qb6+ 19. Kh1 Bxf4 20. Rxf4 Qxb2 21.
Qc1 Qb4 22. Qe3 Rfe8 23. Qg3 Re6 24. Rg1 g6 25. Rgf1 Qe7 26. Qf2 Kg7 27. Bd1 b6
28. Bb3 Rd8 29. c5 Rd3 30. Bxe6 Rxc3 31. Rxf6 Qxc5 32. Rxf7+ Kh6 1-0

[Event "11e Open International de La Fere"]
[Site "La Fere (FRA)"]
[Date "2012.07.09"]
[Round "3.30"]
[White "Verhaeghe, Koen"]
[Black "Galoppa, Ludovic"]
[Result "0-1"]
[WhiteElo "1698"]
[BlackElo "1799"]
[PlyCount "65"]
[EventDate "2012.??.??"]

1. e4 c5 2. d4 cxd4 3. c3 dxc3 4. Nxc3 e6 5. Nf3 Nc6 6. Bc4 a6 7. O-O g6 8. Qe2
Bg7 9. e5 Nge7 10. Bg5 O-O 11. Ne4 Nxe5 12. Nf6+ Bxf6 13. Bxf6 Ng4 14. Bh4 f6
15. Rfd1 d5 16. h3 Nh6 17. g4 Qb6 18. Bb3 Nf7 19. Bxf6 Nc6 20. g5 Nd6 21. Nd4
Ne4 22. Qe3 Nxf6 23. gxf6 Nxd4 24. Rxd4 Rxf6 25. Re1 Bd7 26. Rd3 Qxe3 27. Rdxe3
Raf8 28. R1e2 Kg7 29. Kg2 d4 30. Re5 Rf5 31. Bxe6 Rxe5 32. Rxe5 Re8 33. Rd5 0-1

[Event "11e Open International de La Fere"]
[Site "La Fere (FRA)"]
[Date "2012.07.09"]
[Round "3.31"]
[White "Dagnicourt, Marie"]
[Black "De Brouwere, Johan"]
[Result "0-1"]
[WhiteElo "1326"]
[BlackElo "1786"]
[PlyCount "86"]
[EventDate "2012.??.??"]

1. e4 d6 2. d4 Nf6 3. Nc3 g6 4. Be3 Bg7 5. Qd2 c6 6. Bd3 b5 7. Bh6 O-O 8. a3 a5
9. f3 Bb7 10. Nd1 e5 11. dxe5 dxe5 12. Ne2 Nxe4 13. Bxe4 Qh4+ 14. Nf2 Qxh6 15.
Qxh6 Bxh6 16. O-O f5 17. Bd3 Nd7 18. Ng3 Nc5 19. Be2 Be3 20. Kh1 Rfd8 21. Nd3
Nxd3 22. Bxd3 Rd7 23. Rad1 Rad8 24. Rde1 Bb6 25. Rxe5 Bd4 26. Re6 Bxb2 27. Rfe1
Bxa3 28. Re8+ Rxe8 29. Rxe8+ Kg7 30. Ne2 c5 31. Bxb5 Rc7 32. Nf4 Kf6 33. Ba6
Bc6 34. Re6+ Kg5 35. Re3 Kxf4 36. Rxa3 Rd7 37. Kg1 a4 38. Bd3 Rd4 39. Rc3 Rd5
40. Ra3 Ke5 41. Kf1 Rd4 42. Rc3 Kd5 43. Bc4+ Rxc4 0-1

[Event "11e Open International de La Fere"]
[Site "La Fere (FRA)"]
[Date "2012.07.09"]
[Round "3.32"]
[White "Perrin, Yves"]
[Black "Drouin, Philippe"]
[Result "1-0"]
[WhiteElo "1890"]
[BlackElo "1303"]
[PlyCount "65"]
[EventDate "2012.??.??"]

1. e4 b6 2. d4 Bb7 3. Nc3 d6 4. Nf3 a6 5. Bc4 b5 6. Bd3 h6 7. Ne2 c5 8. c3 c4
9. Bc2 Nf6 10. Ng3 e6 11. Qe2 Be7 12. h3 O-O 13. Nh2 e5 14. d5 Nbd7 15. Nf5 Re8
16. g4 Nf8 17. g5 hxg5 18. Bxg5 N8h7 19. Bh4 Bc8 20. Qf3 Bxf5 21. Qxf5 Qc8 22.
Qf3 Nxd5 23. exd5 Bxh4 24. Bxh7+ Kf8 25. Bf5 Qc5 26. Be4 b4 27. O-O bxc3 28.
bxc3 Rab8 29. Rab1 Rb6 30. Rxb6 Qxb6 31. Qh5 Bxf2+ 32. Rxf2 Qe3 33. Qxf7# 1-0

[Event "11e Open International de La Fere"]
[Site "La Fere (FRA)"]
[Date "2012.07.09"]
[Round "3.33"]
[White "Van Poucke, Guy"]
[Black "Soveaux, Jean"]
[Result "0-1"]
[WhiteElo "1594"]
[BlackElo "1834"]
[PlyCount "36"]
[EventDate "2012.??.??"]

1. e4 c5 2. Nf3 Nc6 3. d4 Nxd4 4. Nxd4 e6 5. Nc3 a6 6. Be3 Ne7 7. Bc4 b5 8. Nc6
Nxc6 9. Bb3 Be7 10. Qd2 Bb7 11. f3 O-O 12. O-O-O d6 13. g4 Na5 14. g5 Nxb3+ 15.
axb3 Re8 16. h4 Qc7 17. h5 b4 18. Na4 Qa5 0-1

[Event "11e Open International de La Fere"]
[Site "La Fere (FRA)"]
[Date "2012.07.09"]
[Round "3.34"]
[White "Bedu, Jean-Pierre"]
[Black "Boudier, Eric"]
[Result "0-1"]
[WhiteElo "1548"]
[BlackElo "1810"]
[PlyCount "50"]
[EventDate "2012.??.??"]

1. d4 d5 2. c4 c6 3. Nc3 Nf6 4. Nf3 Bf5 5. b3 e6 6. e3 Nbd7 7. cxd5 exd5 8. Be2
Bd6 9. O-O Qe7 10. Bb2 Ng4 11. h3 h5 12. Bd3 Be4 13. Bxe4 dxe4 14. Nd2 f5 15.
Nc4 O-O-O 16. Qc1 Bh2+ 17. Kh1 Qh4 18. Qc2 Bc7 19. Ba3 Ndf6 20. Qe2 Nh2 21.
Rfc1 Nfg4 22. f4 exf3 23. gxf3 Qxh3 24. Qg2 Qh4 25. f4 Nf3+ 0-1

[Event "11e Open International de La Fere"]
[Site "La Fere (FRA)"]
[Date "2012.07.09"]
[Round "3.35"]
[White "Wolfangel, Claude"]
[Black "Delias, Gerard"]
[Result "1/2-1/2"]
[WhiteElo "1784"]
[BlackElo "1610"]
[PlyCount "129"]
[EventDate "2012.??.??"]

1. d4 Nf6 2. Nf3 e6 3. c4 b6 4. g3 Bb7 5. Bg2 d5 6. b3 Bb4+ 7. Bd2 Bxd2+ 8.
Nbxd2 Nbd7 9. O-O O-O 10. Re1 c5 11. Ne5 cxd4 12. Ndf3 Nxe5 13. Nxe5 Qc7 14.
Qxd4 Rfd8 15. Qb2 d4 16. Bxb7 Qxb7 17. Rad1 Qe4 18. Nf3 e5 19. Rd3 Re8 20. h3
Qc6 21. Nd2 Ne4 22. Nxe4 Qxe4 23. b4 Rac8 24. Rc1 Re6 25. Qa3 Qxe2 26. f3 Rg6
27. g4 Rh6 28. f4 exf4 29. Rf3 g5 30. Qd3 Re8 31. c5 bxc5 32. bxc5 Rc6 33. Qxe2
Rxe2 34. Rd3 Rxa2 35. Rxd4 Kf8 36. Rd5 h6 37. Rd6 Rxd6 38. cxd6 Ke8 39. Re1+
Kd7 40. Re7+ Kxd6 41. Rxf7 Ke5 42. Re7+ Kf6 43. Rh7 Kg6 44. Rc7 Ra6 45. Kg2 h5
46. Rc8 hxg4 47. hxg4 Re6 48. Rg8+ Kf6 49. Rf8+ Ke7 50. Rf5 Rg6 51. Ra5 a6 52.
Kf3 Kd7 53. Ke4 Kc7 54. Rf5 Kb6 55. Kd4 a5 56. Kc4 Rc6+ 57. Kd4 a4 58. Rxg5 a3
59. Re5 Rg6 60. Kc3 Rxg4 61. Kb3 Rg3+ 62. Ka2 f3 63. Rf5 f2 64. Rxf2 Rd3 65.
Rf8 1/2-1/2

[Event "11e Open International de La Fere"]
[Site "La Fere (FRA)"]
[Date "2012.07.09"]
[Round "3.36"]
[White "Gaudin, Roger"]
[Black "Menjour, Mohamed"]
[Result "0-1"]
[WhiteElo "1506"]
[BlackElo "1770"]
[PlyCount "118"]
[EventDate "2012.??.??"]

1. d4 d5 2. c4 e6 3. Nc3 Nf6 4. Bg5 Be7 5. e3 h6 6. Bh4 O-O 7. Nf3 c6 8. cxd5
exd5 9. Bd3 Nbd7 10. O-O Ne4 11. Bxe7 Qxe7 12. Nd2 f5 13. Re1 Ndf6 14. f3 Ng5
15. e4 fxe4 16. fxe4 Qb4 17. Nb3 dxe4 18. Nxe4 Nfxe4 19. Bxe4 Nxe4 20. Rxe4 Bf5
21. Re5 b6 22. Qf3 Bc2 23. Qc3 Qxc3 24. bxc3 Rae8 25. Rae1 Rxe5 26. Rxe5 Bd3
27. Nd2 Kf7 28. Kf2 Rd8 29. Ke3 Bh7 30. Nf3 Rd6 31. Nh4 Re6 32. Nf3 a5 33. Rxe6
Kxe6 34. Ne5 c5 35. Nc4 b5 36. Nxa5 b4 37. dxc5 bxc3 38. Nb3 Kd5 39. a3 Kc4 40.
Nc1 Kxc5 41. Nd3+ Kc4 42. Nc1 Bc2 43. g3 Ba4 44. Ke2 Kd4 45. Na2 g5 46. h3 h5
47. Nc1 h4 48. gxh4 gxh4 49. Ke1 Bd7 50. Ne2+ Kc4 51. Nf4 Kb3 52. Kd1 Kb2 53.
Nd3+ Kb1 54. Nb4 Bxh3 55. Ke1 Be6 56. a4 Bc4 57. Kf2 Kb2 58. a5 Kb3 59. a6 Kxb4
0-1

[Event "11e Open International de La Fere"]
[Site "La Fere (FRA)"]
[Date "2012.07.09"]
[Round "3.37"]
[White "Biniaux, Michael"]
[Black "Huyet, Yannick"]
[Result "1/2-1/2"]
[WhiteElo "1724"]
[BlackElo "1569"]
[PlyCount "104"]
[EventDate "2012.??.??"]

1. d4 Nf6 2. e3 d5 3. Bd3 e6 4. Nd2 c5 5. c3 Bd7 6. f4 c4 7. Bc2 b5 8. Qf3 b4
9. Nh3 Nc6 10. O-O Qa5 11. e4 dxe4 12. Nxe4 Nd5 13. Bd2 Be7 14. Neg5 bxc3 15.
Bxc3 Nxc3 16. bxc3 h6 17. Qh5 O-O-O 18. Qf3 hxg5 19. fxg5 Rhf8 20. Rab1 Kc7 21.
Nf4 Bxg5 22. a4 Rb8 23. d5 Qc5+ 24. Kh1 Ne5 25. Qg3 Rxb1 26. Rxb1 Bxf4 27. Qxf4
Qd6 28. Qd4 exd5 29. Qxa7+ Kd8 30. Rb6 Nc6 31. Qa6 Qf4 32. Rb1 Re8 33. Qb6+ Qc7
34. Qc5 Qe5 35. Qb6+ Qc7 36. Qc5 Ne7 37. Qd4 Bc6 38. Qxg7 Rg8 39. Qd4 Kd7 40.
Rd1 Kd8 41. Qxc4 Ke8 42. Qd4 Qd7 43. h3 Qc7 44. Rd2 Qg3 45. Re2 Qd6 46. c4 Qb4
47. Qf6 Bb7 48. a5 dxc4 49. a6 Ba8 50. Ba4+ Kf8 51. Qh6+ Rg7 52. Qh8+ Rg8
1/2-1/2

[Event "11e Open International de La Fere"]
[Site "La Fere (FRA)"]
[Date "2012.07.09"]
[Round "3.38"]
[White "Tawegoum, Ivan"]
[Black "Calonne, Pascal"]
[Result "0-1"]
[WhiteElo "1721"]
[BlackElo "1558"]
[PlyCount "57"]
[EventDate "2012.??.??"]

1. e4 c5 2. Nf3 e6 3. c3 Nc6 4. d4 cxd4 5. cxd4 d5 6. e5 Bd7 7. Nc3 a6 8. Be2
Nge7 9. O-O Nf5 10. Kh1 Be7 11. h3 b5 12. a4 b4 13. Na2 a5 14. b3 Rc8 15. Bb2
h5 16. g3 g5 17. Nh2 g4 18. hxg4 hxg4 19. Bxg4 Nh6 20. Nc1 Qb6 21. Bf3 Nf5 22.
Ne2 f6 23. Bg4 fxe5 24. Bxf5 exf5 25. dxe5 d4 26. Bxd4 Nxd4 27. Qxd4 Qh6 28.
Kg2 Qxh2+ 29. Kf3 0-1

[Event "11e Open International de La Fere"]
[Site "La Fere (FRA)"]
[Date "2012.07.09"]
[Round "3.39"]
[White "Caloone, Jules"]
[Black "Merbeth, Paul"]
[Result "0-1"]
[WhiteElo "1440"]
[BlackElo "1718"]
[PlyCount "72"]
[EventDate "2012.??.??"]

1. e4 c5 2. Nc3 d6 3. Nf3 Nf6 4. Be2 Nc6 5. d3 g6 6. Be3 Bg7 7. Qd2 Ng4 8. O-O
Nxe3 9. fxe3 O-O 10. Rf2 a6 11. Raf1 Bh6 12. d4 Bd7 13. Bc4 b5 14. Bd5 Rc8 15.
Ne1 e6 16. Bxc6 Bxc6 17. d5 b4 18. dxc6 bxc3 19. Qxc3 Rxc6 20. e5 d5 21. Rf3
Qb6 22. b3 d4 23. exd4 cxd4 24. Qd3 Qc5 25. a4 Qxe5 26. Rf6 a5 27. Kh1 Bg7 28.
R6f4 f5 29. Qf3 Qd6 30. Qd3 e5 31. R4f2 e4 32. Qd1 Rc3 33. Rf4 Qa6 34. R1f2 Re3
35. Rf1 Bh6 36. Rh4 Qxf1# 0-1

[Event "11e Open International de La Fere"]
[Site "La Fere (FRA)"]
[Date "2012.07.09"]
[Round "3.40"]
[White "Louis, Andre"]
[Black "Delias, Alexis"]
[Result "0-1"]
[WhiteElo "1709"]
[BlackElo "1499"]
[PlyCount "76"]
[EventDate "2012.??.??"]

1. e4 c5 2. Nf3 Nc6 3. d4 cxd4 4. Nxd4 Nf6 5. Nc3 d6 6. Bg5 g6 7. Qd2 Nxd4 8.
Qxd4 Bg7 9. Qd2 Qa5 10. f3 O-O 11. O-O-O Be6 12. a3 Rac8 13. Kb1 Rc6 14. Nd5
Qxd2 15. Nxe7+ Kh8 16. Rxd2 Rc5 17. Be3 Rc7 18. Nd5 Nxd5 19. exd5 Bf5 20. g4
Re8 21. Bf2 Bd7 22. Bd3 b6 23. h4 f5 24. g5 Re5 25. Bf1 f4 26. Bd4 Re1+ 27. Ka2
Bxd4 28. Rxd4 Rxc2 29. Bg2 Ree2 30. Rb1 Rxg2 31. Rxf4 Bf5 32. h5 Rce2 33. h6
Kg8 34. Rc4 Bxb1+ 35. Kxb1 Rxb2+ 36. Kc1 Rbf2 37. Rc8+ Kf7 38. Rc7+ Ke8 0-1

[Event "11e Open International de La Fere"]
[Site "La Fere (FRA)"]
[Date "2012.07.09"]
[Round "3.41"]
[White "Rodrigues, Michel"]
[Black "Cossutta, Nello"]
[Result "1-0"]
[WhiteElo "1697"]
[BlackElo "1455"]
[PlyCount "145"]
[EventDate "2012.??.??"]

1. e4 c5 2. c3 d6 3. Nf3 Nf6 4. Be2 Nxe4 5. Qa4+ Nc6 6. Qxe4 g6 7. Qc2 Bg7 8.
O-O O-O 9. d3 Bd7 10. Be3 a6 11. Nbd2 b5 12. d4 cxd4 13. Nxd4 Nxd4 14. Bxd4
Bxd4 15. cxd4 Rc8 16. Qb3 Be6 17. d5 Bf5 18. Rac1 Rc5 19. Rxc5 dxc5 20. Rc1 Qb6
21. Qe3 Qf6 22. Qc3 Qd6 23. Qxc5 Rc8 24. Qxc8+ Bxc8 25. Rxc8+ Kg7 26. Bf3 Qb4
27. Rc2 Qa4 28. b3 Qd4 29. g3 f5 30. Nf1 Qd3 31. Ne3 g5 32. Be2 Qe4 33. Rd2 f4
34. Bd3 Qb4 35. Nf1 fxg3 36. hxg3 Qc3 37. Bf5 a5 38. Bd3 b4 39. Bc4 h5 40. Re2
Kf8 41. Ne3 Qf6 42. Ng2 h4 43. g4 h3 44. Ne3 Qf4 45. Kh1 Qf3+ 46. Kh2 Ke8 47.
Rc2 Qf4+ 48. Kxh3 Qf3+ 49. Kh2 Qf4+ 50. Kg1 Qe4 51. Bb5+ Kd8 52. Bc6 Qd4 53.
Kf1 Qd3+ 54. Ke1 Qd4 55. Ke2 Qe5 56. Kd3 Qf4 57. Bb7 Ke8 58. Bc8 Kf7 59. Be6+
Kg7 60. Bf5 Qd6 61. Rc6 Qf4 62. Rc2 Qe5 63. f3 Qg3 64. Be4 Qe5 65. Nf5+ Kf7 66.
Nd4 Qb8 67. Kc4 Qc8+ 68. Kb5 Qb8+ 69. Ka4 Qe8+ 70. Kxa5 Qd8+ 71. Kxb4 Qb6+ 72.
Kc3 Qa5+ 73. Kb2 1-0